[Event "Pocztowiec-ch"]
[Site "Poznan"]
[Date "2001.??.??"]
[Round "?"]
[White "Burzynski, Krzysztof"]
[Black "Zajecki, Maurycy"]
[Result "0-1"]
[WhiteElo "2240"]
[BlackElo "2015"]
[PlyCount "106"]
[EventDate "2001.??.??"]
[EventType "swiss"]
[EventRounds "9"]
[EventCountry "POL"]
[SourceTitle "EXT 2006"]
[Source "ChessBase"]
[SourceDate "2005.11.24"]
[SourceVersion "1"]
[SourceVersionDate "2005.11.24"]
[SourceQuality "1"]

1. d4 d5 2. Nf3 c6 3. Bf4 e6 4. e3 Nf6 5. Bd3 Be7 6. 0-0 0-0 7. c3 Nbd7 8. Nbd2 c5 9. Re1 b6 10. h3 Bb7 11. Qe2 Ne4 12. Rac1 f6 13. Nf1 e5 14. Bh2 Bd6 15. Ba6 Bxa6 16. Qxa6 Qc7 17. Qe2 f5 18. dxe5 Nxe5 19. Nxe5 Bxe5 20. Bxe5 Qxe5 21. Nd2 Nxd2 22. Qxd2 Rad8 23. Rcd1 f4 24. exf4 Qxf4 25. Qxf4 Rxf4 26. Rd3 Rd7 27. f3 Kf7 28. Kf2 c4 29. Rd2 Kf6 30. g3 Rf5 31. Rd4 g5 32. Re8 Re5 33. Rxe5 Kxe5 34. Ke3 b5 35. a3 a5 36. Ke2 Rb7 37. f4+ gxf4 38. gxf4+ Kd6 39. Kf3 b4 40. axb4 axb4 41. Rd2 bxc3 42. bxc3 Rb3 43. Re2 Rxc3+ 44. Kg4 d4 45. f5 Re3 46. Rxe3 dxe3 47. Kf3 Ke5 48. Kxe3 Kxf5 49. Kd4 Kg5 50. Kxc4 Kh4 51. Kd3 Kxh3 52. Ke3 Kg3 53. Ke2 Kg2 0-1

[Event "Pocztowiec-ch"]
[Site "Poznan"]
[Date "2001.??.??"]
[Round "?"]
[White "Piasecki, Przemyslaw"]
[Black "Zajecki, Maurycy"]
[Result "0-1"]
[WhiteElo "1800"]
[BlackElo "2015"]
[PlyCount "92"]
[EventDate "2001.??.??"]
[EventType "swiss"]
[EventRounds "9"]
[EventCountry "POL"]
[SourceTitle "EXT 2006"]
[Source "ChessBase"]
[SourceDate "2005.11.24"]
[SourceVersion "1"]
[SourceVersionDate "2005.11.24"]
[SourceQuality "1"]

1. e4 c6 2. d4 d5 3. exd5 cxd5 4. Nf3 Nf6 5. b3 Bg4 6. Be2 e6 7. Bb2 Nc6 8. 0-0 Bd6 9. Nbd2 Rc8 10. c4 0-0 11. a3 Bb8 12. c5 Qc7 13. b4 a6 14. Ne5 Bxe2 15. Qxe2 Ne7 16. f4 Ne8 17. a4 f5 18. Bc3 Nf6 19. b5 Ne4 20. Bb4 Rf6 21. Nxe4 fxe4 22. bxa6 b6 23. cxb6 Qxb6 24. Bxe7 Qxd4+ 25. Qf2 e3 26. Qe2 Rxf4 27. Rxf4 Qxa1+ 28. Qf1 Qxf1+ 29. Rxf1 Bxe5 30. Rf8+ Rxf8 31. Bxf8 Bd4 32. Bb4 e2+ 33. Kh1 Kf7 34. g4 Ke8 35. Kg2 Kd7 36. Kf3 Kc7 37. Ba5+ Kb8 38. Kxe2 Ka7 39. Kd3 Kxa6 40. Bb4 Bb6 41. Bf8 g6 42. Bb4 e5 43. Bc3 e4+ 44. Ke2 d4 45. Bb4 d3+ 46. Kd2 Ba5 0-1

[Event "Pocztowiec-ch"]
[Site "Poznan"]
[Date "2001.??.??"]
[Round "?"]
[White "Zajecki, Maurycy"]
[Black "Glatty, Zbigniew"]
[Result "1-0"]
[WhiteElo "2015"]
[BlackElo "1800"]
[PlyCount "59"]
[EventDate "2001.??.??"]
[EventType "swiss"]
[EventRounds "9"]
[EventCountry "POL"]
[SourceTitle "EXT 2006"]
[Source "ChessBase"]
[SourceDate "2005.11.24"]
[SourceVersion "1"]
[SourceVersionDate "2005.11.24"]
[SourceQuality "1"]

1. d4 Nf6 2. c4 g6 3. g3 Bg7 4. Bg2 0-0 5. Nf3 d5 6. cxd5 Nxd5 7. e4 Nb6 8. 0-0 Nc6 9. d5 Ne5 10. Nd4 Re8 11. Nc3 e6 12. f4 Ng4 13. h3 Nf6 14. dxe6 fxe6 15. e5 Nfd5 16. Ne4 Bf8 17. Rf3 Bd7 18. Be3 Nxe3 19. Rxe3 Nd5 20. Rd3 c5 21. Nf3 Be7 22. Nfg5 Kg7 23. Nf6 Bxf6 24. exf6+ Qxf6 25. Bxd5 exd5 26. Rxd5 Be6 27. Rd6 Rad8 28. Qd2 h6 29. Nxe6+ Rxe6 30. Rxd8 1-0

[Event "Poznan Pocztowiec U18"]
[Site "Poznan"]
[Date "1997.??.??"]
[Round "5"]
[White "Zajecki, Maurycy"]
[Black "Przybylski, Wojciech"]
[Result "1-0"]
[WhiteElo "1800"]
[BlackElo "1800"]
[PlyCount "57"]
[EventDate "1997.??.??"]
[EventType "tourn"]
[EventRounds "9"]
[EventCountry "POL"]
[SourceTitle "EXT 2006"]
[Source "ChessBase"]
[SourceDate "2005.11.24"]
[SourceVersion "1"]
[SourceVersionDate "2005.11.24"]
[SourceQuality "1"]

1. d4 g6 2. e4 c5 3. dxc5 Nc6 4. Nf3 Qc7 5. Be3 Bg7 6. c3 Nf6 7. Bc4 0-0 8. Nfd2 Ne5 9. Be2 d6 10. f4 Neg4 11. Bg1 h5 12. cxd6 exd6 13. h3 Nh6 14. Na3 Qe7 15. Qc2 Re8 16. Bf3 Nxe4 17. 0-0-0 Ng3 18. Rh2 Bf5 19. Qa4 Qc7 20. Ndc4 d5 21. Ne3 d4 22. Nd5 Qb8 23. Bxd4 Be6 24. Bxg7 Nhf5 25. Be5 Qc8 26. Nf6+ Kf8 27. Qxe8+ Qxe8 28. Nxe8 Rxe8 29. Rd3 1-0

[Event "Poznan Pocztowiec U18"]
[Site "Poznan"]
[Date "1997.??.??"]
[Round "3"]
[White "Zajecki, Maurycy"]
[Black "Swiatek, Bartosz"]
[Result "1-0"]
[WhiteElo "1800"]
[BlackElo "1800"]
[PlyCount "129"]
[EventDate "1997.??.??"]
[EventType "tourn"]
[EventRounds "9"]
[EventCountry "POL"]
[SourceTitle "EXT 2006"]
[Source "ChessBase"]
[SourceDate "2005.11.24"]
[SourceVersion "1"]
[SourceVersionDate "2005.11.24"]
[SourceQuality "1"]

1. d4 Nf6 2. c4 g6 3. Nc3 Bg7 4. e4 d6 5. f3 0-0 6. Be3 Nc6 7. Bd3 e5 8. Nge2 Ng4 9. fxg4 exd4 10. Nxd4 Nxd4 11. 0-0 Qh4 12. h3 Bd7 13. Qd2 Ne6 14. Bf2 Qd8 15. Bg3 Bf6 16. Nd5 Bg5 17. Qf2 Nc5 18. Bc2 Be6 19. h4 Bxd5 20. exd5 Bh6 21. g5 Bg7 22. Rab1 Qd7 23. b3 Rae8 24. Rbe1 Bc3 25. Rxe8 Rxe8 26. Qf3 Bd4+ 27. Kh1 a5 28. Qd1 Bb2 29. Be1 b6 30. Qf3 Re5 31. Bg3 Re7 32. h5 Qe8 33. h6 Re3 34. Qf4 Re2 35. Rf2 Re3 36. Bxg6 fxg6 37. Rxb2 Qe7 38. Bf2 Re5 39. Bxc5 dxc5 40. Qf6 Qxf6 41. gxf6 Kf7 42. Rf2 Rf5 43. Rxf5 gxf5 44. Kh2 Kxf6 45. Kg3 Kg5 46. Kf3 Kg6 47. Kf4 Kf6 48. a3 Kg6 49. Ke5 Kg5 50. Ke6 f4 51. Kd7 Kg4 52. Kxc7 Kg3 53. d6 Kxg2 54. d7 f3 55. d8Q f2 56. Qd2 Kg1 57. Qxf2+ Kxf2 58. Kxb6 Kf3 59. Kxc5 Kg4 60. Kd6 Kg5 61. c5 Kxh6 62. c6 Kg5 63. c7 h5 64. c8Q h4 65. Qd8+ 1-0